000 00564nam a2200205Ia 4500
005 20260429112205.0
008 260429s9999||||xx |||||||||||||| ||und||
020 _a9789391270438
041 _aEnglish
082 _a511.6
_bMAC
100 _aMacmahon, Percy Alexander
245 0 _aCombinatory analysis, Vol. 1 /
_cPercy Alexander Macmahon
250 _a1st ed.
260 _aChennai :
_bMaxwell Press,
_c2022.
300 _axix, 300 p.; pbk
650 _a Mathematical analysis
650 _a Pure mathematics
650 _aCombinatorics
942 _cTB
999 _c52807
_d52807